| 000 | 00834nas a2200265 ar4500 | ||
|---|---|---|---|
| 001 | 2862 | ||
| 005 | 20221127090619.0 | ||
| 006 | sbu p 0 a0 | ||
| 008 | 150428s xxubu p 0001a0eng d | ||
| 022 | 0 | _a00014273 | |
| 082 | 0 | 4 |
_a658.05 _bAc12 2015 |
| 245 | 0 | 0 | _aAcademy of management journal. |
| 260 |
_aBriarcliff Manor, NY : _bAcademy of Management, _c2015- |
||
| 300 |
_av. : _bill. ; _c28 cm. |
||
| 310 | _aBimonthly. | ||
| 362 | 0 | _aV. 58, no. 1(Feb. 2015) - | |
| 500 | _aDescription based on : V. 58, no. 1(Feb. 2015) ; title from cover. | ||
| 500 | _aLatest receipts: | ||
| 500 | _aOlder receipts: | ||
| 500 | _aCeased publication: | ||
| 504 | _aIncludes bibl. references. | ||
| 650 | 4 |
_aManagement _vPeriodicals. |
|
| 651 | 4 |
_aIndustrial management _vPeriodicals. |
|
| 710 | 2 | _aAcademy of Management(New York). | |
| 999 |
_c2860 _d2860 |
||